Záznamy bdělých snů /

Záznamy bdělých snů je hravá i dravá sbírka veršů či malebných básní v próze slezského básníka Davida Bátora, jež vznikla během posledních čtyř let.

Hlavní autor: Bátor, David, 1974-
Jazyk: Čeština
Vydáno: Praha : Petr Štengl, 2024
Vydání: 1. vydání
Témata:
Fyzický popis: 57 stran ; 15 cm
Knihy
Uloženo v:
LEADER 01828nam a2200373 i 4500
001 nkc20243653614
003 CZ PrNK
005 20250122080750.0
007 ta
008 241205s2024 xr g 000 p cze
015 |a cnb003653614 
020 |a 978-80-88482-31-4  |q (brožováno) :  |c Kč 160,00 
035 |a (OCoLC)1498301141 
040 |a ABG001  |b cze  |d ABA001  |e rda 
072 7 |a 821.162.3-1  |x Česká poezie  |2 Konspekt  |9 25 
080 |a 821.162.3-1  |2 MRF 
080 |a (0:82-1)  |2 MRF 
100 1 |a Bátor, David,  |d 1974-  |7 mzk2002160724  |4 aut 
245 1 0 |a Záznamy bdělých snů /  |c David Bátor 
250 |a 1. vydání 
264 1 |a Praha :  |b Petr Štengl,  |c 2024 
300 |a 57 stran ;  |c 15 cm 
336 |a text  |b txt  |2 rdacontent 
337 |a bez média  |b n  |2 rdamedia 
338 |a svazek  |b nc  |2 rdacarrier 
520 2 |a Záznamy bdělých snů je hravá i dravá sbírka veršů či malebných básní v próze slezského básníka Davida Bátora, jež vznikla během posledních čtyř let.  |b Jsou to živé záznamy. Často o životě neživých věcí, možná dokonce i o lásce samé. Hra se slovy, to ano, ale žádné verbální žonglérství. Úspornost bývá v poezii považována za dobré literární chování, a tak je tomu i u Bátorovy zatím poslední sbírky. A navíc v ní čtenářům rozdává rady k nezaplacení. Třeba tato: "Vlezte si třeba do tranzistorového, rádia v podobě mravence, až uvidíte všechny ty obvody, tak vás z toho šlehne...". Nakladatelská anotace. 
655 7 |a česká poezie  |7 fd133958  |2 czenas 
655 9 |a Czech poetry  |2 eczenas 
910 2 |a BOA001  |b S-1538.116 
920 |a 5039699  |z ABG001 
990 |a BK 
995 |a 01 
991 |b 202501  |c NOV 
996 6 |b 2610989694  |c S-1538.116  |l MZK  |r Sklad / do 24 hodin  |n 0  |p p.v.  |w 001989099  |u 000010  |a 1  |e BOA001  |j MZK50  |s P